| Tag |
First Indicator |
Second Indicator |
Subfields |
| LEADER |
00000cam a2200000Ia 4500 |
| 001 |
in00002786473 |
| 005 |
20210728125013.0 |
| 006 |
m o d |
| 007 |
cr cnu---unuuu |
| 008 |
070730s2007 njua obf 001 0 eng d |
| 019 |
|
|
|a 537884118
|a 647762991
|a 744985225
|a 775438777
|
| 020 |
|
|
|a 0470125713 (electronic bk.)
|
| 020 |
|
|
|a 0471771708 (cloth : alk. paper)
|
| 020 |
|
|
|a 1118269640 (electronic bk.)
|
| 020 |
|
|
|a 9780470125717 (electronic bk.)
|
| 020 |
|
|
|a 9780471771708 (hbk.)
|
| 020 |
|
|
|a 9781118269640 (electronic bk.)
|
| 024 |
8 |
|
|a 9786610900190
|
| 035 |
|
|
|a (OCoLC)159936000
|z (OCoLC)537884118
|z (OCoLC)647762991
|z (OCoLC)744985225
|z (OCoLC)775438777
|
| 035 |
|
|
|a (OCoLC)ocn159936000
|
| 035 |
|
|
|a 4040646
|
| 037 |
|
|
|a 90019
|b MIL
|
| 040 |
|
|
|a N$T
|b eng
|c N$T
|d YDXCP
|d TEX
|d OCLCQ
|d IDEBK
|d OCLCQ
|d DKU
|d E7B
|d OCLCQ
|d DG1
|d OCLCQ
|d TXA
|d UtOrBLW
|
| 049 |
|
|
|a TXAM
|
| 050 |
|
4 |
|a RC952.55
|b .H395 2007eb
|
| 060 |
|
4 |
|a 2007 F-853
|
| 060 |
|
4 |
|a WT 104
|b H2343 2007
|
| 072 |
|
7 |
|a JBQN
|2 bicssc
|
| 072 |
|
7 |
|a MED
|x 032000
|2 bisacsh
|
| 072 |
|
7 |
|a MED
|x 058060
|2 bisacsh
|
| 082 |
0 |
4 |
|a 618.97
|2 22
|
| 084 |
|
|
|a 44.68
|2 bcl
|
| 245 |
0 |
0 |
|a Handbook of gerontology :
|b evidence-based approaches to theory, practice, and policy /
|c edited by James A. Blackburn, Catherine N. Dulmus.
|
| 264 |
|
1 |
|a Hoboken, N.J. :
|b Wiley,
|c [2007]
|
| 264 |
|
4 |
|c ©2007
|
| 300 |
|
|
|a 1 online resource (xii, 588 pages) :
|b illustrations
|
| 336 |
|
|
|a text
|b txt
|2 rdacontent
|
| 337 |
|
|
|a computer
|b c
|2 rdamedia
|
| 338 |
|
|
|a online resource
|b cr
|2 rdacarrier
|
| 500 |
|
|
|a Electronic resource.
|
| 504 |
|
|
|a Includes bibliographical references and indexes.
|
| 505 |
0 |
|
|a Global aging / Karen M. Sowers, William S. Rowe -- Biological aspects and theories of aging / Laura J. Pankow, Jeffrey M. Solotoroff -- Cognitive and affective theories of adult development / Bert Hayslip Jr., Benjamin P. Chapman -- Personality theories of successful aging / Natalie C. Ebner, Alexandra M. Freund -- Wisdom, life-longings, and optimal development / Susanne Scheibe, Ute Kunzmann, Paul B. Baltes -- Sociological approaches to understanding age and aging / Debra A. Street -- Health promotion / Jill Bradshaw, Waldo C. Klein -- Disability / Elizabeth Lightfoot -- Sleep disturbances / Mary Ann Leitz -- Sexuality and intimacy / Linda J. Brock, Glen Jennings -- Depression / Leslie Hasche, Nancy Morrow-Howell -- Substance abuse / Noell L. Rowan, Anna C. Faul -- Alzheimer's disease / Masahiro Shigeta, Akira Homma -- Grief and bereavement / Robert O. Hansson, Bert Hayslip Jr., Margaret S. Stroebe -- Parenting grandchildren / Hwa-Ok Hannah Park, Jan Steven Greenberg -- Family caregiving / Rhonda J.V. Montgomery, Jeannine M. Rowe, Karl Kosloski -- Community- and facility-based care / Gretchen E. Alkema, Kathleen H. Wilber, Susan M. Enguidanos -- Elder abuse / Patricia Brownell, Gina R. Rosich -- Health decisions and directives about end of life / Jay Wolfson, Rebecca Morgan -- Global challenges for an aging population / Jeanette C. Takamura.
|
| 588 |
|
|
|a Description based on print version record.
|
| 650 |
1 |
2 |
|a Aging
|x physiology.
|0 https://id.nlm.nih.gov/mesh/D000375Q000502
|
| 650 |
1 |
2 |
|a Aging
|x psychology.
|0 https://id.nlm.nih.gov/mesh/D000375Q000523
|
| 650 |
2 |
2 |
|a Geriatrics
|x methods.
|0 https://id.nlm.nih.gov/mesh/D005853Q000379
|
| 650 |
2 |
2 |
|a Health Policy.
|0 https://id.nlm.nih.gov/mesh/D006291
|
| 650 |
2 |
2 |
|a Health Services for the Aged.
|0 https://id.nlm.nih.gov/mesh/D006299
|
| 650 |
1 |
7 |
|a Evidence-based practice.
|2 gtt
|
| 650 |
1 |
7 |
|a Gerontologie.
|2 gtt
|
| 650 |
1 |
7 |
|a Gezondheidszorg.
|2 gtt
|
| 650 |
1 |
7 |
|a Psychofysiologie.
|2 gtt
|
| 650 |
|
0 |
|a Evidence-based medicine
|v Handbooks, manuals, etc.
|0 http://id.loc.gov/authorities/subjects/sh2008119957
|
| 650 |
|
0 |
|a Geriatrics
|v Handbooks, manuals, etc.
|0 http://id.loc.gov/authorities/subjects/sh2008118030
|
| 650 |
|
0 |
|a Gerontology
|v Handbooks, manuals, etc.
|
| 650 |
|
7 |
|a MEDICAL
|x Geriatrics.
|2 bisacsh
|
| 650 |
|
7 |
|a MEDICAL
|x Nursing
|x Gerontology.
|2 bisacsh
|
| 655 |
|
7 |
|a Electronic books.
|2 local
|
| 700 |
1 |
|
|a Blackburn, James A.,
|c Ph. D.
|0 http://id.loc.gov/authorities/names/n2006183798
|
| 700 |
1 |
|
|a Dulmus, Catherine N.
|0 http://id.loc.gov/authorities/names/n2002021737
|
| 776 |
0 |
8 |
|i Print version:
|t Handbook of gerontology.
|d Hoboken, N.J. : Wiley, c2007
|z 0471771708
|z 9780471771708
|w (DLC) 2006027614
|w (OCoLC)71223051
|
| 830 |
|
0 |
|a Wiley Online Library.
|
| 856 |
4 |
0 |
|u http://proxy.library.tamu.edu/login?url=https://dx.doi.org/10.1002/9781118269640
|z Connect to the full text of this electronic book
|t 0
|
| 948 |
|
|
|a cataloged
|b h
|c 2012/12/19
|d c
|e jlanham
|f 12:22:23 pm
|
| 994 |
|
|
|a C0
|b TXA
|
| 999 |
|
|
|a MARS
|
| 999 |
f |
f |
|s 402edc04-e7b4-3240-becc-2e781843db7c
|i 6479ea1d-b863-376f-88f3-258d23628ba2
|t 0
|
| 952 |
f |
f |
|a Texas A&M University
|b College Station
|c Electronic Resources
|d Available Online
|t 0
|e RC952.55 .H395 2007eb
|h Library of Congress classification
|
| 998 |
f |
f |
|a RC952.55 .H395 2007eb
|t 0
|l Available Online
|